000 01029cab a2200289 4500
001 ABS49278
008 090401t1993 xxu||||| |||| 00| 0 eng d
035 _a(Sirsi) u70693
041 _aeng
245 _aExplosions: managing the aftermath
260 _c1993
350 _a0
490 _aSECED Newsletter
_v7(3) July 1993, 1-16(4)
520 _aSummary of papers presented at a recent ICE Structures and Building Board seminar, "Explosions, Managing the aftermath" which pooled expertise and knowledge on recovery from bomb explosions such as the two City of London IRA attacks. Concludes with comments on lessons to be learnt from the City bombs.
650 _aBISHOPSGATE BOMB
650 _aBOMB DAMAGE
650 _aCITY OF LONDON
650 _aCONTINGENCY PLANNING
650 _aDISASTER RECOVERY
650 _aEMERGENCY PLANNING
650 _aEXPLOSIONS
650 _aRISK ASSESSMENT
650 _aTERRORISM
690 _aBUILT ENVIRONMENT-CONSTRUCTION DESIGN
942 _n0
948 _c04/03/1997
999 _c44492
_d44492